000 00699 a2200205 4500
999 _c7742
_d7742
010 _aENG-88177
020 _c995.00
_a9788131302255
035 _aEN-71710
037 _bDBAD / PUB
082 1 4 _a305.4
100 _aAhoojapatel, Krishna
245 1 _aDevelopment has a woman's face:
_cby Krishna Ahoojapatel
_binsights from within the UN/
260 _aNew Delhi
_bA P H Publishing
_c2007
270 _a4435-36/7, Ansari Road, Darya Ganj,
_bNew Delhi
_e110 002
300 _axix, 412p.
_c22cm (Hb)
490 _aWorld societies in transition series-1
500 _aIncludes bibliographical references and index
700 _aKhosla, I.P.
942 _adpl
_cEN
_2ddc
_h305.4
_mAHO